<Das> Testmodell zur Überprüfung von Vorkenntnissen bei der Einstufung in Einzelne Sprachniveaus im Rahmen des ECTS an der Wirtschaftsuniversität Bratislava
Gespeichert in:
| 1. Verfasser: | |
|---|---|
| Weitere Verfasser: | , |
| Format: | Buchkapitel |
| Sprache: | Deutsch |
| Schlagworte: | |
| Tags: |
Keine Tags, Fügen Sie das erste Tag hinzu!
|
MARC
| LEADER | 00000naa$a2200000$$$4500 | ||
|---|---|---|---|
| 001 | 0051085 | ||
| 005 | 20240502083135.5 | ||
| 041 | 0 | |a ger | |
| 044 | |a CZ | ||
| 245 | 1 | 0 | |a <Das> Testmodell zur Überprüfung von Vorkenntnissen bei der Einstufung in Einzelne Sprachniveaus im Rahmen des ECTS an der Wirtschaftsuniversität Bratislava |c Milena Helmová, Eva Janíčková, Katarína Seresová |
| 610 | 2 | 0 | |a študenti |
| 610 | 2 | 0 | |a vyučovanie |
| 610 | 2 | 0 | |a nemčina |
| 610 | 2 | 0 | |a kurzy |
| 610 | 2 | 0 | |a programy |
| 610 | 2 | 0 | |a Ekonomická univerzita v Bratislave |
| 100 | 1 | |a Helmová, Milena, 1954- | |
| 700 | 1 | |a Janíčková, Eva | |
| 700 | 1 | |a Seresová, Katarína, 1967- | |